000
00276nam a22001217a 4500
008
180125b xxu||||| |||| 00| 0 eng d
041
_a
eng
080
_a
574 BAR
100
_a
9
101
_a
MJE
245
_a
Kentucky agricultural statistics
_c
Barkley,A.W
942
_2
udc
_c
BK
999
_c
40968
_d
40968